Cities of Antigua and Barbuda - Statistics

General Stats
  • This quiz has been taken 31 times
  • The average score is 5 of 10
Answer Stats
Population Answer % Correct
3,412 All Saints
85%
22,634 Saint John's
77%
1,325 Codrington
62%
2,239 Liberta
62%
2,067 Potter's Village
46%
1,573 Swetes
46%
1,785 Bolans
38%
1,276 Parham
38%
1,363 Pigotts
23%
1,486 Seaview Farm
23%
No matching quizzes found
Score Distribution
Percent of People with Each Score
Percentile by Number Answered
Your Score History
You have not taken this quiz